ბათუმის შოთა რუსთაველის სახელმწიფო უნივერსიტეტის ბიბლიოთეკა

დიანეტიკა : მეცნიერების ევოლუცია / (ბიბ.ჩანაწერი № 58219)

000 -ლიდერი
ფიქსირებული სიგრძის საკონტროლო ველი 00983nam a22002177a 4500
003 - საკონტროლო ნომრის იდენტიფიკატორი
საკონტროლო ველი Ge_BSU
005 - ბოლო ოპერაციის თარიღი და დრო
საკონტროლო ველი 20210920120856.0
008 - ფიქსირებული სიგრძის მონაცემთა ელემენტები - ზოგადი ინფორმაცია
ფიქსირებული სიგრძის საკონტროლო ველი 210920s2009 ge ||||| |||| 00| 0 geo d
020 ## - წიგნის საერთაშორისო სტანდარტული ნომერი
International Standard Book Number 9788776886882
041 ## - ენის კოდი
Language code of text/sound track or separate title geo
080 ## - უნივერსალური ათობითი კლასიფიკაციის ინდექსი
Universal Decimal Classification number 159.922 ჰ-13
100 ## - მთავარი ჩანაწერი - პიროვნების სახელი
Personal name ჰაბარდი, ლ. რონ
9 (RLIN) 12481
245 ## - ცნობა სათაურის შესახებ
Title დიანეტიკა : მეცნიერების ევოლუცია /
Statement of responsibility, etc ლ. რონ ჰაბარდი ; ლ. რონ ჰაბარდის ბ-კა.
264 ## - წარმოების, გამოცემის, დისტრიბუციის და სხვა ცნობები
გამოცემის, წარმოების, დისტრიბუციის... ადგილი Smedeland
გამოცემის, წარმოების, დისტრიბუციის... სახელწოდება New-Era,
გამოცემის, წარმოების, დისტრიბუციის... თარიღი 2002.
300 ## - ფიზიკური აღწერა
Extent 201 გვ. :
Other physical details ილ. ;
Dimensions 17სმ.
440 ## - სერიის ცნობა / დამატებულია ჩანაწერი - სათაური
Title ნომერ პირველი საერთაშორისო ბესტსელერის - დიანეტიკის ავტორი
9 (RLIN) 12480
501 ## - შენიშვნა თანმხლებ მასალაზე
With note ინდექსები: გვ. 171-195
653 ## - INDEX TERM--UNCONTROLLED
Uncontrolled term დიანეტიკა
653 ## - INDEX TERM--UNCONTROLLED
Uncontrolled term მეცნიერების ევოლუცია
942 ## - ADDED ENTRY ELEMENTS (KOHA)
Source of classification or shelving scheme
Koha item type წიგნი
ეგზემპლარები
ჩამოწერის სტატუსი დაკარგული ეგზემპლარის სტატუსი კლასიფიკაციის წყარო ან თაროზე გაწყობის სქემა დაზიანების სტატუსი არ გაიცემა მუდმივი მდებარეობა (დაცვის ადგილი) ამჟამინდელი ადგილსამყოფელი თაროზე განთავსების ადგილი შეძენის თარიღი ღირებულება, შესყიდვის ნორმალური ფასი სრული შენახვის შიფრი შტრიხკოდი ბოლო ოპერაციის თარიღი ეგზემპლარის მიმდევრობითი ნომერი (კეტერი?) ფასის ძალაში შესვლის თარიღი ეგზემპლარის სახეობა საჯარო შენიშვნა
          ბათუმის შოთა რუსთაველის სახელმწიფო უნივერსიტეტის მთავარი ბიბლიოთეკა ბათუმის შოთა რუსთაველის სახელმწიფო უნივერსიტეტის მთავარი ბიბლიოთეკა წიგნსაცავი 2021-09-20 8.00 159.922 ჰ-13 61700 2021-09-20 61700 2021-09-20 წიგნი 8 ლ.